| 000 | 00903cab a2200253 4500 | ||
|---|---|---|---|
| 001 | ABS50368 | ||
| 008 | 090401t1994 xxu||||| |||| 00| 0 eng d | ||
| 035 | _a(Sirsi) u75452 | ||
| 041 | _aeng | ||
| 100 | _aCheffings, N. | ||
| 245 | _aArbitration: the draft 1994 Bill | ||
| 260 | _c1994 | ||
| 350 | _a0 | ||
| 490 |
_aEstates Gazette _v(9414) 9 April 1994, 124-126(3) |
||
| 520 | _aA draft Arbitration Bill and consultation document has been issued. Comments are invited by June 1994. This article highlights changes included in the Bill, commenting on those clauses which they consider of note. | ||
| 650 | _aARBITRATION BILL | ||
| 650 | _aINDEPENDENT ARBITRATORS | ||
| 650 | _aRICS | ||
| 650 | _aUNCITRAL | ||
| 690 | _aMANAGEMENT-DISPUTE AVOIDANCE, MANAGEMENT AND RESOLUTION-DISPUTE MANAGEMENT AND RESOLUTION-ARBITRATION | ||
| 700 | _aGoodwyn, C. | ||
| 942 | _n0 | ||
| 948 | _c04/03/1997 | ||
| 999 |
_c47499 _d47499 |
||